| 000 | 00643nam a22001937a 4500 | ||
|---|---|---|---|
| 999 |
_c180126 _d180126 |
||
| 005 | 20210726144600.0 | ||
| 010 | _aB-740639 | ||
| 020 |
_a9780198076001 _c250.00 |
||
| 035 | _aB-740639 | ||
| 037 | _bGift | ||
| 082 | _a921 | ||
| 100 | _aGupta, Uma Das | ||
| 245 | 1 | 0 |
_aRabindranath Tagore: _ban illustrated life / _cby Uma Das Gupta |
| 260 |
_aNew Delhi _bOxford University Press _c2013 |
||
| 270 |
_aYMCA Library Building, 1 Jai Singh Road _bNew Delhi _e110001 |
||
| 300 |
_ax, 144p.: _c21cm(pbk) _bill. |
||
| 942 |
_2ddc _cEN _mGUP _h921 |
||